Music Quiz

Random Music or The Beatles Quiz

Beatles Cover or Beatles Song Covered Quiz Stats

 Plays Quiz not verified by Sporcle

Challenge
Share
Tweet
Embed
Score 0/20 Timer 03:00
0 Plays Today
Song 'B' or 'N' (see note) % Correct
With a Little Help From My Friends by Joe Cocker???
84.7%
I Want to Hold Your Hand by Al Green???
84.6%
In My Life by Johnny Cash???
82.4%
Get Back by Elvis Presley???
81.7%
Within You Without You by Oasis???
81.1%
Roll Over Beethoven by Chuck Berry???
80.3%
Got to Get You Into My Life by Earth, Wind & Fire???
80.1%
Lady Madonna by Fats Domino???
79.9%
Something by Frank Sinatra???
79.7%
I Saw Her Standing There by Jerry Lee Lewis???
79.2%
Song 'B' or 'N' (see note) % Correct
Long Tall Sally by Little Richard???
76.9%
Words of Love by Buddy Holly???
75.4%
Honey Don't by Carl Perkins???
74.2%
Chains by the Cookies???
74.1%
Please Mr. Postman by the Marvelettes???
73.1%
Baby It's You by the Shirelles???
71.7%
Twist and Shout by the Isley Brothers???
71.3%
Tell Me Why by The Beach Boys???
70.4%
Anna by Arthur Alexander???
69.6%
Act Naturally by Buck Owens???
67.2%

You're not logged in!

Compare scores with friends on all Sporcle quizzes.
Join for Free
OR
Log In

You Might Also Like...

Show Comments

Extras

Top Quizzes Today


Score Distribution

Your Account Isn't Verified!

In order to create a playlist on Sporcle, you need to verify the email address you used during registration. Go to your Sporcle Settings to finish the process.

Report this User

Report this user for behavior that violates our Community Guidelines.

Details: